Procesos de cambio en Costa Rica: reflexiones al inicio del siglo XXI /
El documento consiste en varios trabajos de investigación que evalúan las implicaciones que las modificaciones en las estructuras políticas, económicas, sociales y culturales han tenido y tendrán en el futuro sobre la creación y distribución de la riqueza, la equidad social y los valores democrático...
Guardat en:
| Autor principal: | |
|---|---|
| Format: | Desconegut |
| Publicat: |
San José:
CEDAL. Fundación Friedrich Ebert,
2003
|
| Matèries: | |
| Etiquetes: |
Afegir etiqueta
Sense etiquetes, Sigues el primer a etiquetar aquest registre!
|
MARC
| LEADER | 00000 a2200000 04500 | ||
|---|---|---|---|
| 001 | 29515 | ||
| 003 | cru CIDCACS/IIS | ||
| 005 | 20230529113912.0 | ||
| 008 | 991231e2003 cr d | ||
| 020 | |a 9977-961-29-8 | ||
| 040 | |c CRAI/IIS | ||
| 090 | |a 03.02.01 V728p | ||
| 100 | |a Villasuso Estomba, Juan Manuel | ||
| 245 | |a Procesos de cambio en Costa Rica: reflexiones al inicio del siglo XXI / |c Juan Manuel Villasuso Estomba | ||
| 260 | |a San José: |b CEDAL. Fundación Friedrich Ebert, |c 2003 | ||
| 300 | |a 359 páginas | ||
| 520 | |a El documento consiste en varios trabajos de investigación que evalúan las implicaciones que las modificaciones en las estructuras políticas, económicas, sociales y culturales han tenido y tendrán en el futuro sobre la creación y distribución de la riqueza, la equidad social y los valores democráticos en Costa Rica. | ||
| 650 | |a CAMBIO SOCIAL | ||
| 650 | |a PLANIFICACION NACIONAL | ||
| 650 | |a PLANES NACIONALES | ||
| 650 | |a GRUPOS DE INTERESES | ||
| 650 | |a CAMBIO ECONOMICO | ||
| 650 | |a FILOSOFIA POLITICA | ||
| 650 | |a POLITICA | ||
| 942 | |2 ddc |c LI |h 03.02.01 V728p |i 12247 |6 030201_V728P_12247 | ||
| 999 | |c 12088 |d 12088 | ||



